000 00697 a2200205 4500
010 _aENG-90178
020 _a8189596125
_c295.00
035 _aEN-73711
037 _bDBAD / VEN
082 1 4 _a883.08
090 _c12713
_d12713
100 1 _aNahata, Premkumari
245 1 _aA glimpse of the masterminds/
_cby Premkumari Nahata
260 _aNew Delhi
_bS. Kumar & Co.
_c2008
260 _aDelhi
_bChandramukhi Prakashan (Distributors)
270 _aE-578, Main Road, Tisra Pusta, Jagjit Nagar,
_bDelhi
_e110053
300 _a160p.
_c22 cm. (Hb)
942 _adpl
_cEN
_k 883.08 / NAH
999 _c12350
_d12350